UM Logo

Visions of differentiation : (Record no. 21143)

MARC details
000 -LEADER
fixed length control field 00883nam a22001937a 4500
005 - DATE AND TIME OF LATEST TRANSACTION
control field 20250829090819.0
008 - FIXED-LENGTH DATA ELEMENTS--GENERAL INFORMATION
fixed length control field 240902b ||||| |||| 00| 0 eng d
082 ## - DEWEY DECIMAL CLASSIFICATION NUMBER
Classification number DPer 372.05 El262 September-December 2019 v. 120 n. 1-2
100 ## - MAIN ENTRY--PERSONAL NAME
Personal name Dack, Hilary.
Relator term author.
9 (RLIN) 59681
245 ## - TITLE STATEMENT
Title Visions of differentiation :
Remainder of title A longitudinal multicase study of preservice and beginning elementary teachers /
Statement of responsibility, etc. Hilary Dack, Neil O'Reilly, Peter Youngs, and Eugenia Hopper.
260 ## - PUBLICATION, DISTRIBUTION, ETC. (IMPRINT)
Place of publication, distribution, etc. Goldenrey ;
Name of publisher, distributor, etc. Direct Marketing Inc. ,
Date of publication, distribution, etc. September 2019.
300 ## - PHYSICAL DESCRIPTION
Extent volume 120, pages 132-176 ;
Dimensions 26 cm.
500 ## - GENERAL NOTE
General note The elementary school journal, vol. 120, no. 1, pages 132-175, September 2019.
700 ## - ADDED ENTRY--PERSONAL NAME
Personal name Dack, Hilary.
Relator term author.
9 (RLIN) 59681
700 ## - ADDED ENTRY--PERSONAL NAME
Personal name O'Reilly, Neil.
Relator term author.
9 (RLIN) 59682
700 ## - ADDED ENTRY--PERSONAL NAME
Personal name Youngs, Peter.
Relator term author.
9 (RLIN) 59683
700 ## - ADDED ENTRY--PERSONAL NAME
Personal name Hopper, Eugenia.
Relator term author.
9 (RLIN) 59684
942 ## - ADDED ENTRY ELEMENTS (KOHA)
Source of classification or shelving scheme Dewey Decimal Classification
Koha item type Periodicals
Holdings
Withdrawn status Lost status Source of classification or shelving scheme Damaged status Not for loan Collection code Home library Current library Date acquired Total Checkouts Date last seen Price effective from Koha item type Public note
    Dewey Decimal Classification     Periodicals UM Digos College - LIC UM Digos College - LIC 09/02/2024   09/02/2024 09/02/2024 Periodicals Periodical Article